Ricostruisci la Carriera del Calciatore - Matteo Gabbia - Statistics

Statistiche generali
  • Questo quiz è stato fatto 8 volte
  • Il punteggio medio è 4 su 5
Statistiche sulle risposte
Hint Risposta % Corretto
2024- Milan
100%
2023-2024 Villarreal
86%
2018-2019 Lucchese
71%
2019-2023 Milan
71%
2017-2018 Milan
29%
Nessun quiz corrispondente trovato
Distribuzione punteggi
Percentuale di utenti per punteggio
Percentile per numero di risposta
I tuoi punteggi nel tempo
Non hai fatto questo quiz